000 00670nam a2200241 a 4500
999 _c7002
_d7002
003 PK-NaQUE
005 20250226123752.0
008 250226b ||||| |||| 00| 0 eng d
020 _a0135806062 (paperback)
020 _a9780135806067 (paperback)
040 _cQUEST
082 _a004.165SHO
100 1 _aShort, Kenneth L.
245 1 0 _aMicroprocessors and Programmed Logic /
250 _a2nd ed.
260 _aNew Delhi
_bPrentice Hall,
_c1997.
300 _a624 p. ;
490 1 _a2nd edition.
650 _aMicroprocessors
650 _aIntel 8085A (Microprocessor)
856 4 0 _uhttp://10.10.170.122:8080/browse/book/26637
_yeBook
942 _cBK
_2ddc